Standing at the margins: (Record no. 53220)

MARC details
000 -LEADER
fixed length control field 01047nam a2200229 a 4500
005 - DATE AND TIME OF LATEST TRANSACTION
control field 20110803141539.0
010 ## - LCCN (DPL NO)
LC control number B-440976
020 ## - INTERNATIONAL STANDARD BOOK NUMBER
Terms of availability 625.00
International Standard Book Number 9780195672145
035 ## - SYSTEM CONTROL NUMBER
System control number B-440976
037 ## - SOURCE OF ACQUISITION
Source of stock number/acquisition Researchco Book Centre
082 ## - DEWEY DECIMAL CLASSIFICATION NUMBER
Classification number 324.60954
100 1# - MAIN ENTRY--PERSONAL NAME
Personal name McMillan, Alistair
245 10 - TITLE STATEMENT
Title Standing at the margins:
Statement of responsibility, etc by Alistair McMillan
Remainder of title representation and electoral reservation in India /
260 ## - PUBLICATION, DISTRIBUTION, ETC. (IMPRINT)
Place of publication, distribution, etc New Delhi
Name of publisher, distributor, etc Oxford University Press
Date of publication, distribution, etc 2005
270 ## - ADDRESS
Address YMCA Library Building, Jai Singh Road,
City New Delhi
Postal code 110001
300 1# - PHYSICAL DESCRIPTION
Extent xii, 340p.
Dimensions 24cm (Hb)
500 ## - GENERAL NOTE
General note Includes bibliographical references
700 ## - ADDED ENTRY--PERSONAL NAME
9 (RLIN) 22431
942 ## - ADDED ENTRY ELEMENTS (KOHA)
Source of classification or shelving scheme Dewey Decimal Classification
Item type English Books
Call number suffix MCM
Classification part 324.60954
Holdings
Withdrawn status Lost status Not for loan Collection code Home library Current library Date acquired Source of acquisition Cost, normal purchase price Full call number Barcode Copy number Cost, replacement price Koha item type
      Non-fiction Central Library Central Library 03/08/2011 Researchco Book Centre/RBC-25096/2011-12/R/20.4.11/76/4.3.11/9.6.11 625.00 324.60954 MCM B-440976 1 625.00 English Books

© Delhi Public Library
Hit Counter
free hit counter